Vilains de My Hero Academia par images - Statistiques

Statistiques générales
  • Ce quiz a été pris 137 fois
  • Le résultat moyen est 14 sur 20
Statistiques - réponses
Par images Réponse % Correct
All For One
98%
Stain
94%
Tomura Shigaraki
94%
Dabi
92%
Himiko Toga
87%
Brainless
86%
Twice
82%
Overhaul
81%
Spinner
71%
Gentle
70%
Kurogiri
69%
Muscular
69%
Love Lover
61%
Compress
57%
Lady Nagant
57%
ReDestro
56%
Gigantomakhia
53%
Dr. Ujiko
46%
Magnet
41%
Kendo Rappa
19%
Aucun quiz correspondant
Distribution des résultats
% des personnes avec chaque résultat
Percentile par nombre de réponses
Votre historique - résultats
Vous n’avez pas pris ce quiz